• 首页
  • 本馆介绍
  • 公告通知
  • 最新文献
  • 馆藏检索
  • 电子资源
  • 读者导购
  • 参考咨询
  • 我的图书馆
  • 登录
  • 详细信息显示
  • 放入我的书架
  • 预约/预借图书
  • 作者相关作品
  • 分类相关作品
  • 丛书相关作品
  • 出版社相关作品

书目信息

  • 表格格式
  • 工作单格式
  • 卡片格式
题名:
晶体管基础知识及其应用
    
 
作者: ;上海市卢湾区业余大学晶体管基础知识及其应用编写组 编著
分册:  
出版信息: 上海   上海科学技术出版社  1981
页数: 453页
开本: 19cm
丛书名:
单 册:
中图分类: TN3
科图分类:
主题词: 半导体技术 , 晶体管--基本知识
电子资源:
ISBN:
000 00854nam0 2200253 45
001 0181004336
005 20060804153512.57
010    @dCNY1.20
091    @a15119.2088
100    @a19950623d1981 em y0chiy0121 ea
101 0  @achi
102    @aCN@b310000
105    @ay z 000yy
200 10 @a晶体管基础知识及其应用@Ajing ti guan ji chu zhi shi ji qi ying yong@f上海市卢湾区业余大学《晶体管基础知识及其应用》编写组编著
205    @a2版
210    @a上海@c上海科学技术出版社@d1981
215    @a453页@d19cm
606 0  @a半导体技术
606    @a晶体管@x基本知识
690    @aTN3
711 02 @a上海市卢湾区业余大学晶体管基础知识及其应用编写组@Ashang hai shi lu wan qu ye yu da xue jing ti guan ji chu zhi shi ji qi ying yong bian xie zu@4编著
801  2 @aCN@bNLC@c20060804
801  0 @aCN@b上海图书馆@c20040519
905    @f1@b208923@dTN3@e29=2
    
    晶体管基础知识及其应用/上海市卢湾区业余大学《晶体管基础知识及其应用》编写组编著.-2版.-上海:上海科学技术出版社,1981
    453页;19cm
    
    
    ISBN :CNY1.20
    
●
相关链接 在E读中查询图书 在五车中查询图书 在当当中查询图书 在豆瓣中查询图书


正题名:晶体管基础知识及其应用     索取号:TN3/29=2         预约/预借

序号 登录号 条形码 馆藏地/架位号 状态 备注
1 0208923   001352119   密集书库/ [索取号:TN3/29=2] 在馆    
2 0208924   001953862   第三借阅区/ [索取号:TN3/29=2] 在馆    
3 0208925   001352075   第二样本阅览室/ [索取号:TN3/29=2] 在馆    
4 0451470   204514702   密集书库/ [索取号:TN3/29=2] 在馆    
唐山师范学院图书馆 欢迎您!
大连网信软件有限公司© 版权所有